Plus grandes villes du Monde commençants par une voyelle - Statistiques

Statistiques générales
  • Ce quiz a été pris 61 fois
  • Le résultat moyen est 7 sur 20
Statistiques - réponses
Population Ville % Correct
16 M Istanbul
65%
4.325 M Alger
63%
17.7 M Osaka
59%
5.2 M Ankara
51%
4.825 M Addis Abeba
49%
6.25 M Alexandrie
45%
6.8 M Accra
43%
7.05 M Abidjan
41%
3.575 M Athènes
41%
6.15 M Atlanta
37%
6.15 M Amman
35%
9.9 M Ahmedabad
33%
3.975 M Yaoundé
33%
3.15 M Antananarivo
31%
3.875 M Orlando
29%
3.425 M Ispahan
24%
3.4 M Ibadan
18%
3.425 M Ouagadougou
16%
5 M Ürümqi
16%
3.75 M Indore
8%
Aucun quiz correspondant
Distribution des résultats
% des personnes avec chaque résultat
Percentile par nombre de réponses
Votre historique - résultats
Vous n’avez pas pris ce quiz